• 首页
  • 本馆介绍
  • 公告通知
  • 最新文献
  • 馆藏检索
  • 电子资源
  • 读者导购
  • 参考咨询
  • 我的图书馆
  • 登录
  • 详细信息显示
  • 放入我的书架
  • 预约/预借图书
  • 作者相关作品
  • 分类相关作品
  • 丛书相关作品
  • 出版社相关作品

书目信息

  • 表格格式
  • 工作单格式
  • 卡片格式
题名:
展览布置美术资料
    
 
作者: 王如松 编绘
分册:  
出版信息: 上海   上海人民美术出版社  1980
页数: 168页
开本: 19cm
丛书名:
单 册:
中图分类: J525.2 , J52
科图分类:
主题词: 橱窗布置--中国--图集 , 工艺美术--中国
电子资源:
ISBN:
000 00695nam0 2200265 45
001 0180007440
005 20040521112003.9
010    @dCNY0.72
091    @a8084.12143
100    @a19950627d1980 em y0chiy0121 ea
101 0  @achi
102    @aCN@b310000
105    @af z 000yy
106    @ar
200 10 @a展览布置美术资料@Azhan lan bu zhi mei shu zi liao@f王如松编绘
210    @a上海@c上海人民美术出版社@d1980
215    @a168页@d19cm
606    @a橱窗布置@y中国@x图集
606 0  @a工艺美术@x中国
690    @aJ525.2@v3
690    @aJ52
701  0 @a王如松@Awang ru song@4编绘
801  0 @aCN@b上海图书馆@c20040521
801  2 @aCN@bNLC@c20040521
905    @f1@b40238@dJ52@e6
    
    展览布置美术资料/王如松编绘.-上海:上海人民美术出版社,1980
    168页;19cm
    
    
    ISBN :CNY0.72
    
●
相关链接 在E读中查询图书 在五车中查询图书 在当当中查询图书 在豆瓣中查询图书


正题名:展览布置美术资料     索取号:J52/6         预约/预借

序号 登录号 条形码 馆藏地/架位号 状态 备注
1 0040238   000573169   第一样本阅览室/ [索取号:J52/6] 在馆    
唐山师范学院图书馆 欢迎您!
大连网信软件有限公司© 版权所有